الاعمال الكاملة : (Record no. 67095)
[ view plain ]
| 000 -الفاتح | |
|---|---|
| حقل البيانات ثابتة الطول | 00701nam a22002177a 4500 |
| 005 - وقت وتاريخ اخر تعامل مع التسجيلة | |
| رقم الضبط | 20240530110956.0 |
| 008 - عناصر البيانات ثابتة الطول - معلومات عامة | |
| حقل البيانات ثابتة الطول | 220126b2004 ua g 000 0 ara d |
| 040 ## - مصدر الفهرسة | |
| وكالة الفهرسة الأصلية | EG-CaGPL |
| وكالة النسخ | EG-CaGPL |
| 082 04 - رقم تصنيف ديوى العشرى | |
| رقم الطبعة | 21 |
| رقم التصنيف | 812.009 / |
| رقم المادة | س ا |
| 100 0# - المدخل الرئيسى - إسم شخصى | |
| الإسم الشخصى | سعد الله ونوس |
| 245 12 - بيان العنوان | |
| العنوان | الاعمال الكاملة : |
| بيان المسئوليه,etc | سعد الله ونوس . |
| رقم الجزء/قسم العمل | 3 مج |
| 250 ## - بيان الطبعة | |
| بيان الطبعة | ط1 |
| 260 ## - PUBLICATION, DISTRIBUTION, ETC. (IMPRINT) | |
| تاريخ النشر أو التوزيع | 2004. |
| 300 ## - الوصف المادى | |
| التعداد | متعدد 3 مج ؛ |
| أبعاد الوعاء | 19 سم. |
| 650 07 - المدخل الاضافى بالموضوع-مصطلح موضوعى | |
| مصدر الرأس أو المصطلح | qrmak |
| مصطلح موضوعي | الادب العربى |
| 650 07 - المدخل الاضافى بالموضوع-مصطلح موضوعى | |
| مصدر الرأس أو المصطلح | qrmak |
| مصطلح موضوعي | سعد الله ونوس |
| 650 07 - المدخل الاضافى بالموضوع-مصطلح موضوعى | |
| مصدر الرأس أو المصطلح | qrmak |
| مصطلح موضوعي | المسرحيات |
| 651 ## - المدخل الاضافى بالموضوع - اسم جغرافى | |
| مصدر الرأس أو المصطلح | qrmak |
| 942 ## - عناصر المدخل الإضافي( كوها) | |
| مصدر التصنيف او مخطط الترفيف | Dewey Decimal Classification |
| Koha [default] item type | كتاب |
| 260 ## - PUBLICATION, DISTRIBUTION, ETC. (IMPRINT) | |
| -- | بيروت : |
| -- | دار الاداب ، |
| حالة التراجع | حالة الفقد | حالة تلف | ليس للاعارة | المكان المؤقت | الموقع الحالى | موقع الترفيف | تاريخ الاكتساب | اجمالي اﻻعارات | رقم الطلب | الباركود | تاريخ اخر مشاهدة | تاريخ تفعيل السعر | نوع وعاء كوها |
|---|---|---|---|---|---|---|---|---|---|---|---|---|---|
| مكتبة القاهرة الكبرى | مكتبة القاهرة الكبرى | ق الرئيسية_الأداب_ك عربى | 01/02/2023 | 812.009 / س ا | 169125 | 01/02/2023 | 01/02/2023 | كتاب | |||||
| مكتبة القاهرة الكبرى | مكتبة القاهرة الكبرى | ق الرئيسية_الأداب_ك عربى | 01/02/2023 | 812.009 / س ا | 169126 | 01/02/2023 | 01/02/2023 | كتاب | |||||
| مكتبة القاهرة الكبرى | مكتبة القاهرة الكبرى | ق الرئيسية_الأداب_ك عربى | 01/02/2023 | 812.009 / س ا | 169127 | 01/02/2023 | 01/02/2023 | كتاب |

